000 01973nam a2200277 a 4500
001 ASIN1907317392
003 OSt
005 20180116192423.0
008 140714s2012 xxu eng d
020 _a1907317392 (paperback)
_c$29.95
020 _a9781907317392 (paperback)
040 _csada
050 0 4 _aGF50
082 0 4 _a304.2
245 0 0 _aAtlas :
_bgeography, architecture and change in an interdependent world /
_cedited by renata Tyszczuk and Melissa Butcher.
260 _aLondon. :
_bBlack Dog Architecture,
_c2012.
300 _a160 p. ;
_c26 cm.
520 _aAtlas: Geography, Architecture and Change in an Interdependent World helps readers find their way through the practical and ethical challenges presented by globalisation and global environmental change. Atlas: Geography, Architecture and Change in an Interdependent World combines recent thinking on human geography and architecture on global environmental change issues, setting out to develop a reinterpretation of cartography and a reframing of sustainability. The aim is to find a "re-drawing of the earth" and the "making of new maps". With a focus on the growth and remaking of cities it offers an innovative mix of essays and shorter texts, original artworks and distinctive re-mappings. The Atlas arises out of a unique collaboration between scholars and practitioners from architecture and human geography. The project is in collaboration with the Open Space Research Centre at The Open University and is a collaboration between academics from the Geography discipline OU, the School of Architecture, University of Sheffield and researchers at the New Economics Foundation.
650 0 _aArchitecture
_97664
650 0 _aGlobalization
_97665
650 0 _aHuman geography
_97666
650 0 _aSustainable development
_97667
700 1 _aButcher, Melissa.
_97668
856 4 0 _3Amazon.com
_uhttp://www.amazon.com/exec/obidos/ASIN/1907317392/chopaconline-20
942 _2ddc
_cBK
999 _c353984
_d353984